000 00566nam a22002297a 4500
003 UA-OsUOA
001 34372
007 ta
008 20050930b un ||||| |||| 00| 0 ukr d
090 _a94(32)
942 _cBK
040 _aUA-OsUOA
_brus
_cUA-OsUOA
_dUA-OsUOA
245 _aДревний Египет
955 _a2
041 _arus
080 _a94(32)
020 _a5-85302-201-6
260 _aМ.
_c2000
246 3 1 _aСказания Притчи
_n
650 7 _a9 Географія. Біографії. Історія
_2UDC
999 _c320803
_d320803